000 00862nas a2200301 4500
001 BR0100455
003 BR-BrBNA
005 20231205102029.0
007 ta
008 230509b bl.|||p| |||| 00| 00por d
040 _aBR-BrBNA
_bpor
_cBiblioteca Nacional de Agricultura
041 _a(En)
072 _aH10
100 1 _aPanizzi, A.R.
100 1 _aParra, J.R.P.
100 1 _aSantos, C.H.
100 1 _aCarvalho, D.R.
245 1 _aRearing the southern green stink bug using an artificial dry diet and an artificial plant
650 _aPercevejo
650 _aSoja
650 _aNinfa
650 _aPostura
650 _aCriacao
650 _aDieta
773 0 _tPesquisa Agropecuaria Brasileira (Brazil)
_xISSN 0100-204X
_g(Sep 2000), v. 35(9) p. 1709-1715
_wBR0100455
909 _a202311
_bLúcia
_c55
_dLúcia Elande
942 _2AGRIS
_n0
_cANA
999 _c165351
_d165351